Word Ladder: Chris Pine Quiz Stats

 Plays Quiz Updated Mar 15, 2018

Challenge
Share
Tweet
Embed
Score 0/48 Timer 05:00
0 Plays Today
Hint 4 Letter Word % Correct
• 2009 Sci-Fi reboot: Star ___• TREK •
95.8%
Opposite of slowFAST
95.2%
Not frontBACK
92.5%
Pine, amongst othersTREE
91.6%
Day before Wed.TUES.
90.2%
Grant, Jackman, or Laurie, e.g.HUGH
90%
5,280 feetMILE
89.7%
To worryFRET
89.3%
Pitcher's projectileBALL
87.9%
Something that can be verifiedFACT
87.4%
To exhale audiblySIGH
87.1%
'Gratis' in LatinFREE
86.7%
WorshipPRAY
86.4%
Zebra, to a lionPREY
86.2%
Device for grinding grainMILL
86.1%
Strike with a footKICK
85.6%
Pitcher's infractionBALK
85.5%
Dust-loving invertebrateMITE
85.3%
Absence of something neededLACK
84.9%
Tress of hairLOCK
84.8%
Not wellSICK
84.8%
Ankle attachmentsFEET
84.5%
Lion's calling cardROAR
84.4%
• 2016: [Rung 19] or ___ Water •• HIGH •
84.2%
Hint 4 Letter Word % Correct
Fly into the airSOAR
83.6%
Lavish partyFEST
83.5%
Undo 'pause'PLAY
83.5%
'Star Wars' dark-sidersSITH
83.5%
Location of a structureSITE
83.4%
DrenchSOAK
83.3%
Short nail with a flat headTACK
82.9%
• Role shared with Shatner, Capt. ___• KIRK •
82.8%
Keen sense of what or what not to sayTACT
82.4%
'Very', en FrançaisTRÈS
80.9%
Strike with a fist, colloquially SOCK
80.9%
• 2014: ___ [Rung 40]: Shadow Recruit •• JACK •
80.8%
Dinner announcerBELL
80.2%
Big man on campusJOCK
79.9%
Brand of diapersHUGS
78.9%
Moldable fine-grained natural rockCLAY
78.6%
ESPN anchor, WingoTREY
77%
'Rock the Boat' band: The ___ CorporationHUES
75.4%
Social unit of the Scottish highlandsCLAN
74.9%
• 2016: ___ or [Rung 27] Water •• HELL •
72.1%
Horse with a colorful coatROAN
72.1%
Bunker or Breed's, e.g.HILL
71.9%
Greenish-blue found in printersCYAN
71.4%
• 2014: [Rung 14] ___: Shadow Recruit •• RYAN •
68.9%

Today's Daily Dose

You're not logged in!

Compare scores with friends on all Sporcle quizzes.
OR
Log In

You Might Also Like...

Show Comments

Extras

Top Quizzes Today


Score Distribution

Your Account Isn't Verified!

In order to create a playlist on Sporcle, you need to verify the email address you used during registration. Go to your Sporcle Settings to finish the process.

Report this User

Report this user for behavior that violates our Community Guidelines.

Details: